Statistics for Marvel Ultimate Name Game

Click here to take the quiz!

General Stats

  • This quiz has been taken 288 times
    (275 since last reset)
  • The average score is 28 of 40

Answer Stats

HintAnswer% Correct
RogersSteve
100%
StarkTony
100%
BannerBruce
97%
RomanovaNatalia
96%
ParkerPeter
96%
BartonClint
93%
MaximoffWanda
92%
BarnesBucky
91%
PottsPepper
91%
LangScott
88%
SummersScott
88%
HowlettJames
83%
CarterPeggy
82%
RhodesJames
81%
FosterJane
80%
MaximoffPietro
80%
StrangeStephen
80%
CageLuke
75%
XavierCharles
71%
StacyGwen
71%
GreyJean
71%
MurdockMatt
71%
WilsonSam
70%
OsbornHarry
68%
RichardsReed
66%
OsbornNorman
62%
CarterSharon
62%
OctaviusOtto
60%
WilsonWade
57%
GrimmBen
56%
Von DoomVictor
56%
StormJohnathan
55%
StormSusan
53%
CastleFrank
46%
McCoyHank
46%
WagnerKurt
40%
DrakeBobby
33%
MunroeOroro
31%
SummersAlex
27%
EisenhardtMax
22%

Score Distribution

Percentile by Number Answered

Percent of People with Each Score

Your Score History

You have not taken this quiz since the last reset